[Event "Altensteig"]
[Site "Altensteig"]
[Date "1991.??.??"]
[Round "10"]
[White "Smejkal, Jan"]
[Black "Boensch, Uwe"]
[Result "1-0"]
[WhiteElo "2555"]
[BlackElo "2560"]

1.Nf3 d5 2.g3 c6 3.Bg2 Bg4 4.d3 Nd7 5.O-O Ngf6 6.Qe1 e5 7.e4 dxe4 8.dxe4 Bc5
9.Nbd2 O-O 10.h3 Bh5 11.Nb3 Bb6 12.a4 a6 13.a5 Ba7 14.Be3 Bxe3 15.Qxe3 Qe7
16.Nh4 Qb4 17.Ra3 Rfd8 18.c3 Qf8 19.Re1 Ne8 20.Bf1 Nd6 21.Qg5 Nf6 22.Nd2 h6
23.Qe3 Rd7 24.Nc4 Nxc4 25.Bxc4 Kh8 26.Raa1 Rad8 27.b4 Nh7 28.Qc5 Qxc5 29.bxc5 Ng5
30.Kg2 Rd2 31.g4 Bg6 32.Nxg6+ fxg6 33.Ra2 Rxa2 34.Bxa2 Rd2 35.Bc4 Rc2 36.Re3 Rd2
37.Kg3 Nh7 38.f4 exf4+ 39.Kxf4 g5+ 40.Kf5 Nf8 41.Rd3 Rf2+ 42.Ke5 Rf6 43.Rd6 Ng6+
44.Kd4 Nh4 45.Rd8+ Kh7 46.Rb8 Nf3+ 47.Ke3 Ne5 48.Bg8+ Kg6 49.Re8 Nd7 50.e5 Rf8
51.Rxf8 Nxf8 52.Kd4 h5 53.c4 h4 54.Ke3 Kh6 55.e6 Ng6 56.Ke4 Ne7 57.Bf7 Kh7
58.Kd4 Kh6 59.Ke4 Kh7 60.Kd4 Kh6 61.Ke5 Nc8 62.e7 Nxe7 63.Ke6 Ng6 64.Bxg6 Kxg6
65.Ke7  1-0

[Event "Anapa"]
[Site "Anapa"]
[Date "1991.??.??"]
[Round "?"]
[White "Rechel, Bernd"]
[Black "Sher, Miron N"]
[Result "0-1"]
[WhiteElo "2370"]
[BlackElo "2450"]

1.Nf3 d5 2.g3 c6 3.Bg2 Bg4 4.d3 Nd7 5.O-O e6 6.Nbd2 Bd6 7.Qe1 Ne7 8.e4 O-O
9.Kh1 e5 10.h3 Bh5 11.d4 exd4 12.e5 Bc7 13.e6 Nc5 14.exf7+ Rxf7 15.Ng5 Rf6
16.b4 Na6 17.Nb3 Qd6 18.b5 cxb5 19.Nxd4 Qd7 20.Nge6 Nc6 21.Nxc7 Nxc7 22.Bb2 Nxd4
23.Bxd4 Bf3 24.g4 Re8 25.Qc3 Bxg2+ 26.Kxg2 Rc6 27.Qd2 Rce6 28.Rae1 a6 29.f4 Rxe1
30.Rxe1 Rxe1 31.Qxe1 Ne6 32.Be5 Qc6 33.c3 Nc5 34.Bd4 Ne4 35.Qh4 Qd6 36.Qh5 Qe6
37.f5 Qe7 38.f6 Nxf6 39.Bxf6 Qe4+ 40.Kg3 gxf6 41.Qh6 Qe5+  0-1

[Event "Andorra op"]
[Site "Andorra"]
[Date "1991.??.??"]
[Round "?"]
[White "Bricard, Emmanuel"]
[Black "Tukmakov, Vladimir B"]
[Result "1-0"]
[WhiteElo "2395"]
[BlackElo "2520"]

1.g3 d5 2.Nf3 g6 3.c4 dxc4 4.Na3 Bg7 5.Nxc4 Nc6 6.d3 e5 7.Bg5 Nge7 8.Bg2 Be6
9.Rc1 f6 10.Bd2 a5 11.O-O O-O 12.b3 Qe8 13.Bc3 Qf7 14.Qc2 Rfd8 15.Bb2 Bh6
16.Rcd1 a4 17.d4 axb3 18.axb3 b5 19.dxe5 Nb4 20.Qe4 bxc4 21.exf6 Nec6 22.Qh4 Qf8
23.bxc4 Ra5 24.Ne5 Rxd1 25.Rxd1 Rxe5 26.Bxe5 Nxe5 27.c5 Bg4 28.f4 g5 29.fxg5 Qxc5+
30.Kh1 Bf8 31.h3 Bf5 32.Rd8 Nf7 33.Ra8 Bg6 34.Kh2 Nc2 35.Qa4 Ne3 36.Qd7 Nf5
37.e4 Qd6 38.Rxf8+ Kxf8 39.Qc8+ Qd8 40.Qxd8+ Nxd8 41.exf5 Bxf5 42.g4 Bd3
43.Kg3 c5 44.Kf4 c4 45.Ke3 Nf7 46.h4 Ne5 47.Kd4 Nxg4 48.Bd5 Ne5 49.h5 Nf7
50.g6 hxg6 51.hxg6 Bxg6 52.Bxc4 Nh6 53.Be6  1-0

[Event "JUG-Cup qual"]
[Site "Arandjelovac"]
[Date "1991.??.??"]
[Round "5"]
[White "Vukic, Milan"]
[Black "Drasko, Milan"]
[Result "1/2-1/2"]
[WhiteElo "2500"]
[BlackElo "2500"]

1.Nf3 d5 2.g3 c6 3.Bg2 Bg4 4.b3 Nd7 5.Bb2 Ngf6 6.d3 Bxf3 7.Bxf3 e5 8.Nd2 Bc5
9.e4 dxe4 10.dxe4 O-O 11.O-O Qc7 12.Qe2 a5 13.a3 Rfe8 14.Bg2 b5 15.Nf3 Nb6
16.Rad1 a4 17.b4 Nc4 18.Bc1 Ba7 19.c3 c5 20.Nh4 cxb4 21.cxb4 Rad8 22.Kh1 Rxd1
23.Rxd1 Rd8 24.f3 g6 25.Bf1 Rd6 26.Kg2 Bd4 27.Rd3 Rc6 28.Bh6 Nd7 29.Kh3 Qc8
30.g4 Nf8 31.f4 Be3 32.Ng2 exf4 33.Nxf4 Bxf4 34.Bxf4 Ne6 35.Bg3 h5 36.Rd5 hxg4+
37.Kg2 Nxa3 38.Qxg4 Rc2+ 39.Kg1 Qc3 40.Rd3 Qb2 41.Qf3 Nc4 42.Rd7 Ng5 43.Qf4 Qc1
44.Qf6 Nh3+ 45.Kh1 Nf2+ 46.Kg1 Nh3+  1/2-1/2

[Event "ARG-ch"]
[Site "?"]
[Date "1991.??.??"]
[Round "3"]
[White "Llanos, Guillermo"]
[Black "Soppe, Guillermo"]
[Result "1/2-1/2"]
[WhiteElo "2385"]
[BlackElo "2420"]

1.Nf3 d5 2.g3 c6 3.Bg2 Bg4 4.d4 Nd7 5.Nbd2 Ngf6 6.O-O e6 7.Re1 Be7 8.c3 O-O
9.h3 Bh5 10.e4 b5 11.Qb3 Rb8 12.Ne5 Nxe5 13.dxe5 Nd7 14.f4 Bg6 15.Qd1 Qb6+
16.Kh2 Nc5 17.Qe2 Rfd8 18.Rf1 dxe4 19.Nxe4 Rd7 20.Nf2  1/2-1/2

[Event "AUT-ch"]
[Site "?"]
[Date "1991.??.??"]
[Round "?"]
[White "Baumgartner, Heinz"]
[Black "Dueckstein, Andreas"]
[Result "1-0"]
[WhiteElo "2345"]
[BlackElo "2375"]

1.Nf3 d5 2.g3 Nc6 3.c4 d4 4.e3 e5 5.d3 Bb4+ 6.Bd2 Qe7 7.e4 a5 8.Bg2 Nf6 9.O-O h6
10.Nh4 g6 11.Qe2 Be6 12.Bc1 Qd7 13.Na3 Bh3 14.Nc2 Be7 15.Bd2 Nh5 16.Bxh3 Qxh3
17.Ng2 g5 18.f3 Ng7 19.b3 Ne6 20.a3 b6 21.b4 axb4 22.axb4 Rxa1 23.Rxa1 O-O
24.b5 Nb8 25.Nb4 Bxb4 26.Bxb4 Rd8 27.Bd2 Nd7 28.Ra7 Ndc5 29.Ne1 f5 30.Qf1 Qxf1+
31.Kxf1 fxe4 32.fxe4 Nb3 33.Bb4 g4 34.Ng2 Rd7 35.Nh4 Rf7+ 36.Ke2 Kh7 37.Nf5 Nbc5
38.Ra8 Nd7 39.Ne7 Nf6 40.Nc6 Nd7 41.Re8 Ng7 42.Nxe5 Nxe8 43.Nxf7 Ng7 44.Nd8 Ne5
45.Bd2  1-0

[Event "AUT-chT"]
[Site "?"]
[Date "1991.??.??"]
[Round "?"]
[White "Vukic, Milan"]
[Black "Opl, Klaus"]
[Result "1-0"]
[WhiteElo "2500"]
[BlackElo "2270"]

1.Nf3 d5 2.g3 c6 3.Bg2 Nf6 4.b3 Bg4 5.Bb2 Nbd7 6.O-O e6 7.d3 Bc5 8.Nbd2 O-O
9.e4 dxe4 10.dxe4 Qc7 11.Qe2 e5 12.h3 Bh5 13.a3 a5 14.Rad1 Rfe8 15.Rfe1 Nf8
16.Nc4 N6d7 17.Qd2 f6 18.Nd6 Red8 19.Nf5 Ne6 20.Qc1 Qb6 21.Rd2 Ndf8 22.Red1 Rxd2
23.Rxd2 Rd8 24.Qe1 Rxd2 25.Nxd2 Qd8 26.Nc4 a4 27.bxa4 Nd4 28.Nxd4 Bxd4 29.Qd2 Ne6
30.c3 Bc5 31.Qxd8+ Nxd8 32.Bc1 Bd1 33.a5 Ne6 34.Be3 Bf8 35.f4 Bb3 36.Bf1 Nc5
37.Nd2 Bc2 38.fxe5 fxe5 39.Nc4 Nxe4 40.Nxe5 Bxa3 41.Nxc6 bxc6 42.a6 Nxg3
43.Bc4+  1-0

[Event "AUT-chT"]
[Site "?"]
[Date "1991.??.??"]
[Round "?"]
[White "Vukic, Milan"]
[Black "Brestian, Egon"]
[Result "1/2-1/2"]
[WhiteElo "2500"]
[BlackElo "2475"]

1.Nf3 d5 2.g3 Nf6 3.Bg2 c6 4.b3 g6 5.Bb2 Bg7 6.c4 O-O 7.O-O Nbd7 8.Qc2 Re8
9.Nc3 Nb6 10.d3 e5 11.e4 d4 12.Ne2 c5 13.Qd2 a5 14.Ne1 Nbd7 15.Nc2 Nb8 16.a3 Nc6
17.b4 axb4 18.axb4 Rxa1 19.Rxa1 cxb4 20.Nxb4 Nxb4 21.Qxb4 Bf8 22.Qb5 Qc7
23.Ba3 Bd7 24.Qb2 Nh5 25.Bxf8 Rxf8 26.Ra7 Bc6 27.Nc1 Ng7 28.Qb4 Rb8 29.Nb3 Ne6
30.Na5 Qd8 31.Bh3 Ng5 32.Bg2 Ne6 33.Bf1 Qf8 34.Qb6 Ra8 35.Nxb7 Rxa7 36.Qxa7 Bxb7
37.Qxb7 Qd6 38.Kg2 h5 39.h4 Nc5 40.Qa8+ Kg7 41.Be2 Qc7 42.Qd5 Ne6 43.Bf1 Kf6
44.Kf3 Qb6 45.Kg2 Qc7 46.Kg1 Kg7 47.Qb5 Kf6 48.Qb2 Kg7 49.Qc1 Qa5 50.Qb1 Qc7
51.Kh2 Kf6 52.Qc1 Kg7 53.Qd2 Qd8 54.Kg1 Qb8 55.Qa5 Qd6 56.Kh2 Nc5 57.Qd2 Nb3
58.Qb2 Nc5 59.Kg1 Ne6 60.Kg2 Qc7 61.Kh2 Qd6 62.Qd2 Qd8 63.Bh3 Nc5 64.Kg1 Qb8
65.Bg2 Ne6  1/2-1/2

[Event "AUT-chT"]
[Site "?"]
[Date "1991.??.??"]
[Round "?"]
[White "Weinzettl, Ernst"]
[Black "Hoelzl, Franz"]
[Result "0-1"]
[WhiteElo "2295"]
[BlackElo "2390"]

1.Nf3 d5 2.g3 Nc6 3.Bg2 e5 4.d3 g6 5.O-O Bg7 6.c3 a5 7.a4 Nge7 8.Na3 h6 9.e4 O-O
10.exd5 Nxd5 11.Nc4 Nb6 12.Nxb6 cxb6 13.Be3 Be6 14.Nd2 Qxd3 15.Bxb6 Qa6 16.Bc5 Rfd8
17.b4 axb4 18.cxb4 Qd3 19.Ne4 Qxd1 20.Rfxd1 Rxd1+ 21.Rxd1 Rxa4 22.b5 Nd4
23.Bxd4 Rxd4 24.Rxd4 exd4 25.Nc5 Bc4 26.b6 d3 27.Bxb7 Bd4 28.Ne4 Bxb6 29.Nd2 Bb5
30.Kf1 Ba5 31.Ke1 Ba4 32.Be4 Bc2 33.f4 Kf8 34.f5 gxf5 35.Bxf5 Ke7 36.h4 Kf6
37.g4 Ke5  0-1

[Event "AUT-chT"]
[Site "?"]
[Date "1991.??.??"]
[Round "?"]
[White "Pilz, Dieter"]
[Black "Steiner, Ulrich A"]
[Result "1/2-1/2"]
[WhiteElo "2300"]
[BlackElo "2220"]

1.Nf3 d5 2.g3 Bg4 3.Bg2 Nd7 4.c4 e6 5.cxd5 exd5 6.O-O Ngf6 7.Nc3 c6 8.d3 Bd6
9.Qc2 O-O 10.Rb1 a5 11.e4 dxe4 12.dxe4 Re8 13.h3 Bh5 14.Bg5 h6 15.Be3 Bc5
16.Rfe1 Bxf3 17.Bxf3 Ne5 18.Bg2 Bxe3 19.Rxe3  1/2-1/2

[Event "URS-chT"]
[Site "Azov"]
[Date "1991.??.??"]
[Round "?"]
[White "Nazarov, Anvar"]
[Black "Nasybullin, Vladislav"]
[Result "0-1"]
[WhiteElo "2210"]
[BlackElo "2330"]

1.Nf3 d5 2.g3 c6 3.Bg2 Bg4 4.O-O Nd7 5.d3 Ngf6 6.Nbd2 e5 7.h3 Bh5 8.e4 Bd6
9.Re1 O-O 10.c3 Re8 11.Qc2 Qc7 12.Nf1 Rad8 13.g4 Bg6 14.Ng3 Bf8 15.Bg5 h6
16.Bh4 Bh7 17.Nf5 g6 18.Nxh6+ Bxh6 19.g5 Bg7 20.gxf6 Bxf6 21.Bg3 dxe4 22.dxe4 Nc5
23.Nh2 Bg7 24.Bh4 Rd6 25.Rad1 f5 26.Rxd6 Qxd6 27.Rd1 Qe6 28.f3 Qxa2 29.Bf2 Bf8
30.Nf1 a5 31.Ne3 Kh8 32.Bf1 Qf7 33.Nc4 fxe4 34.Nd6 Bxd6 35.Rxd6 Ne6 36.Bc4 e3
37.Bg3 Qxf3 38.Bxe5+ Ng7 39.Rf6 e2 40.Qxe2 Qxe2  0-1

[Event "URS-chT"]
[Site "Azov"]
[Date "1991.??.??"]
[Round "?"]
[White "Petrosian, Arshak B"]
[Black "Ibragimov, Ildar"]
[Result "1/2-1/2"]
[WhiteElo "2505"]
[BlackElo "2485"]

1.Nf3 d5 2.g3 c6 3.Bg2 Bg4 4.c4 e6 5.cxd5 exd5 6.d3 Nf6 7.Nbd2 Nbd7 8.O-O Be7
9.h3 Bh5 10.Qc2 O-O 11.b3 a5 12.a3 Nc5 13.Nd4 Nfd7 14.Bb2 Ne6 15.N2f3 Bg6
16.Nxe6 fxe6 17.Nd4 Bf7 18.h4 Bf6 19.Bh3  1/2-1/2

[Event "Bad Woerishofen op"]
[Site "Bad Woerishofen"]
[Date "1991.??.??"]
[Round "3"]
[White "Lau, Udo"]
[Black "Boensch, Uwe"]
[Result "0-1"]
[WhiteElo "2330"]
[BlackElo "2535"]

1.Nf3 d5 2.g3 c6 3.Bg2 Nf6 4.O-O Bg4 5.Ne5 Bf5 6.d4 e6 7.c4 Be7 8.Nc3 O-O
9.cxd5 exd5 10.f3 c5 11.Kh1 Nc6 12.Nxc6 bxc6 13.dxc5 Bxc5 14.Na4 Bd6 15.Bg5 h6
16.Bxf6 Qxf6 17.e4 Bg6 18.exd5 cxd5 19.Qxd5 Rab8 20.b3 Rfd8 21.Qa5 Bd3 22.Qxa7 Be5
23.Rad1 Bxf1 24.Rxf1 Bd4 25.Qa5 Rbc8 26.f4 Rc2 27.Be4 Rxa2 28.Qc7 g6 29.Rd1 Re8
30.Qb7 Kg7 31.Qd5 Rd8 32.Qc4 Ba7 33.Bd5 Be3 34.Qd3 Ra1 35.Rxa1 Qxa1+ 36.Kg2 Bd4
37.Qc4 Rd7 38.b4 Qd1 39.Qc6 Qe2+ 40.Kh3 Qh5+ 41.Kg2 Rxd5  0-1

[Event "Baden-Baden op"]
[Site "Baden-Baden"]
[Date "1991.??.??"]
[Round "7"]
[White "Urban, Julian"]
[Black "Klebel, Martin"]
[Result "0-1"]
[WhiteElo "2420"]
[BlackElo "2435"]

1.Nf3 d5 2.g3 c6 3.Bg2 Bg4 4.b3 Nd7 5.Bb2 Ngf6 6.O-O e6 7.c4 Bd6 8.d4 O-O
9.Nbd2 Bh5 10.Re1 Ne4 11.Nxe4 dxe4 12.Nd2 f5 13.c5 Bc7 14.Nc4 Nf6 15.f3 f4
16.fxe4 fxg3 17.h3 Ng4 18.d5 Qh4 19.dxe6 Nf2 20.Qd7 Rf6 21.Bxf6 gxf6 22.Qxc7 Nxh3+
23.Kf1 Nf4 24.Ne3 Nxg2 25.Qg7+ Kxg7 26.Nf5+ Kf8 27.Nxh4 Nxh4 28.Rad1 Be8
29.Rd4 Ng6 30.Kg2 Nf4+ 31.Kxg3 Nxe6 32.Rd6 Nxc5 33.Rxf6+ Kg7 34.Rf4 Bg6 35.Rd1 Re8
36.Kg4 Re7 37.e5 Nd7 38.e6 Nf6+ 39.Kf3 Rxe6  0-1

[Event "Baku"]
[Site "Baku"]
[Date "1991.??.??"]
[Round "?"]
[White "Godes, Dmitry R"]
[Black "Magomedov, Magaram"]
[Result "1/2-1/2"]
[WhiteElo "2410"]
[BlackElo "2470"]

1.Nf3 d5 2.g3 c5 3.Bg2 Nc6 4.d4 cxd4 5.Nxd4 Nf6 6.O-O e6 7.c4 Be7 8.Nc3 O-O
9.cxd5 exd5 10.b3 Bc5 11.Nxc6 bxc6 12.Bb2 Re8 13.Na4 Bb6 14.Rc1 Bg4 15.Bf3 Bxf3
16.exf3 Qd6 17.Rc2 Nd7 18.Qc1 c5 19.Rd1 d4 20.f4 Qd5 21.b4 cxb4 22.Nxb6 Nxb6
23.Rxd4 Qxa2 24.Rxb4 Qa5 25.Bc3 Nd5 26.Rc4 Nxc3 27.R2xc3 Rad8 28.h4 h6 29.Rc8 Qf5
30.Rxd8 Rxd8 31.Rc5 Qg4 32.Qc4 Qf3 33.Rc8 Qd1+ 34.Kg2 a5 35.Rc5 Qe1 36.Re5 Qd2
37.Qb5 f6 38.Rc5 Ra8 39.Qc6 Qd8 40.Qa4 Kh8 41.h5 Qb6 42.Qc2 Qb7+ 43.Kg1 Qd7
44.Rc7 Qe8 45.Qc5 a4 46.Ra7 Rc8 47.Qd5 Rd8 48.Qb7 Qg8 49.Kh2 Qf8 50.Kg2 a3
51.Qf3 Qc5 52.Rxa3 Qd5 53.Qxd5 Rxd5 54.Ra8+ Kh7 55.g4 Rd3 56.Re8 Ra3 57.Re3 Ra4
58.Kf3 Rb4 59.Rd3 Ra4 60.Ke3 Ra2 61.f3 Ra4 62.Rd4 Ra1 63.Ke4 Re1+ 64.Kd3 Rd1+
65.Ke3 Re1+ 66.Kf2 Ra1 67.Rd3 Ra2+ 68.Ke3 Ra1 69.Ke4 Ra5 70.Rb3  1/2-1/2

[Event "Baku"]
[Site "Baku"]
[Date "1991.??.??"]
[Round "?"]
[White "Godes, Dmitry R"]
[Black "Bajarany, Ilgar"]
[Result "1/2-1/2"]
[WhiteElo "2410"]
[BlackElo "2255"]

1.g3 d5 2.Nf3 Nf6 3.Bg2 c6 4.c4 dxc4 5.a4 Na6 6.Ne5 Be6 7.Na3 h5 8.Naxc4 h4
9.d4 Bd5 10.f3 Qc8 11.Kf2 Qf5 12.Ne3 Qe6 13.Nxd5 Nxd5 14.Qb3 hxg3+ 15.hxg3 Rxh1
16.Bxh1 Rb8 17.f4 Nxf4 18.Qxe6 Nxe6 19.d5 cxd5 20.Bxd5 Nac7 21.Bg2 g6 22.Be3 Bg7
23.Nd3 Bd4 24.Bxd4 Nxd4 25.Rh1 Nce6 26.Rh8+ Nf8 27.Ne5 Rc8 28.Bxb7 Rc2 29.Ke3 Rxb2
30.Bc8 Nf5+ 31.Kd3 e6 32.Nd7 Ke7 33.Nxf8 Rb4 34.Nxg6+ fxg6 35.Rh7+ Kd8 36.Bxe6 Rd4+
37.Kc3 Rxa4  1/2-1/2

[Event "JUG-ch"]
[Site "Banja Vrucica"]
[Date "1991.??.??"]
[Round "?"]
[White "Lazic, Miroljub"]
[Black "Karaklajic, Nikola"]
[Result "1/2-1/2"]
[WhiteElo "2400"]
[BlackElo "2375"]

1.Nf3 d5 2.g3 Bg4 3.Bg2 c6 4.O-O Nd7 5.d3 e6 6.Nbd2 Bd6 7.h3 Bh5 8.Qe1 Ne7
9.e4 Bxf3 10.Nxf3 dxe4 11.dxe4 e5 12.Qe2 Qc7  1/2-1/2

[Event "JUG-ch"]
[Site "Banja Vrucica"]
[Date "1991.??.??"]
[Round "?"]
[White "Lazic, Miroljub"]
[Black "Raicevic, Vladimir"]
[Result "0-1"]
[WhiteElo "2400"]
[BlackElo "2440"]

1.Nf3 d5 2.g3 c5 3.Bg2 Nc6 4.d4 Nf6 5.O-O e6 6.c4 dxc4 7.Na3 cxd4 8.Nxc4 Bc5
9.Qb3 O-O 10.Bf4 Nd5 11.Rac1 Nxf4 12.gxf4 Qf6 13.Qb5 Be7 14.e3 dxe3 15.fxe3 Qf5
16.Nfe5 f6 17.e4 Qh5 18.Bf3 Nd4 19.Bxh5 Nxb5 20.Nd3 Rd8 21.Rcd1 Rd4 22.Na5 Rxe4
23.Bf3 Ra4 24.Nxb7 Nd4 25.Bg2 Bxb7 26.Bxb7 Rb8 27.Bg2 Rxa2 28.Ra1 Rxa1 29.Rxa1 Bd6
30.Kf2 Rb3 31.Bf1 Nc6  0-1

[Event "JUG-ch"]
[Site "Banja Vrucica"]
[Date "1991.??.??"]
[Round "?"]
[White "Simic, Radoslav"]
[Black "Petronic, Jovan"]
[Result "1-0"]
[WhiteElo "2485"]
[BlackElo "2355"]

1.g3 d5 2.Nf3 Nc6 3.d4 Bf5 4.Bg2 e6 5.O-O Nf6 6.c4 Be7 7.Nc3 Ne4 8.cxd5 exd5
9.Qb3 Nxc3 10.Qxc3 O-O 11.a3 a5 12.Bf4 Re8 13.Rac1 Ra6 14.Rfd1 g5 15.Be3 Bf6
16.Qd2 h6 17.Rc5 a4 18.Ne5 Nxe5 19.Rxd5 Rd6 20.dxe5 Bxe5 21.Qb4 Bc2 22.R1d2 Bb3
23.Rxd6 cxd6 24.Bd5 Bxd5 25.Rxd5 Qd7 26.Rb5 Re7 27.Ra5 Qf5 28.Rxa4 Qb1+ 29.Kg2 Qxb2
30.Qg4 Qb3 31.Ra8+ Kg7 32.Bxg5 Qe6 33.Qxe6 Rxe6 34.Bd2 Bf6 35.e3 d5 36.Kf3 d4
37.e4 Rc6 38.Ke2 Rc2 39.f4 Ra2 40.Kd3 Be7 41.e5 f5 42.exf6+ Kxf6 43.g4 Rb2
44.Ra5 Rb3+ 45.Kxd4 Rh3 46.Rb5 Rxh2 47.Rb6+ Kg7 48.Bb4 Bxb4 49.Rxb7+ Be7
50.Rxe7+ Kf6 51.Rh7 Rh4 52.Rxh6+  1-0

[Event "JUG-ch"]
[Site "Banja Vrucica"]
[Date "1991.??.??"]
[Round "?"]
[White "Strikovic, Aleksa"]
[Black "Blagojevic, Dragisa"]
[Result "1/2-1/2"]
[WhiteElo "2495"]
[BlackElo "2425"]

1.Nf3 d5 2.g3 c6 3.Bg2 Bg4 4.O-O Nd7 5.d4 e6 6.Nbd2 Ngf6 7.Re1 Be7 8.e4 dxe4
9.Nxe4 O-O 10.c3 Qb6 11.Nxf6+ Bxf6 12.Qb3 Rfe8 13.Bf4 Bxf3 14.Bxf3 e5 15.dxe5 Nxe5
16.Be2 Qxb3 17.axb3 a6 18.Be3 Rad8 19.Red1 Rxd1+ 20.Rxd1 Rd8 21.Rxd8+ Bxd8
22.f4 Nd7 23.Bg4 Nb6 24.Kf1 Kf8 25.Ke2 Ke7 26.Bc5+ Ke8 27.Bd4 g6 28.f5 Nd7
29.fxg6 hxg6 30.b4 Ke7 31.h4 f5 32.Bf3  1/2-1/2

[Event "JUG-ch"]
[Site "Banja Vrucica"]
[Date "1991.??.??"]
[Round "?"]
[White "Dumpor, Atif"]
[Black "Drasko, Milan"]
[Result "1/2-1/2"]
[WhiteElo "2295"]
[BlackElo "2500"]

1.Nf3 d5 2.g3 c6 3.Bg2 Bg4 4.b3 Nd7 5.Bb2 Ngf6 6.c4 e6 7.O-O Bd6 8.d3 O-O
9.Nbd2 a5 10.a3 Qe7  1/2-1/2

[Event "BUL-chT"]
[Site "Bankia"]
[Date "1991.??.??"]
[Round "1"]
[White "Delchev, Aleksander"]
[Black "Ninov, Nikolai"]
[Result "1/2-1/2"]
[WhiteElo "2360"]
[BlackElo "2390"]

1.Nf3 d5 2.g3 g6 3.Bg2 Bg7 4.d4 Nf6 5.c4 dxc4 6.O-O O-O 7.Na3 c3 8.bxc3 c5
9.e3 Nc6 10.Qe2 Bf5 11.Bb2 e5 12.Nc4 e4 13.Nfe5 Nxe5 14.Nxe5 Qc8 15.c4 Ng4
16.Nxg4 Bxg4 17.Qc2 cxd4 18.Bxd4 Bf3 19.Bxg7  1/2-1/2

[Event "Barcelona Vulca"]
[Site "Barcelona"]
[Date "1991.??.??"]
[Round "5"]
[White "Dizdar, Goran"]
[Black "Campos Moreno, Javier B"]
[Result "0-1"]
[WhiteElo "2535"]
[BlackElo "2480"]

1.Nf3 d5 2.g3 Bg4 3.Bg2 Nd7 4.c4 e6 5.cxd5 exd5 6.O-O Ngf6 7.d3 Bc5 8.Nc3 O-O
9.Qb3 Nb6 10.Bg5 Be6 11.Qc2 h6 12.Bf4 c6 13.e4 Nfd7 14.Rad1 Re8 15.h3 Qf6
16.Nh2 a5 17.Rfe1 Qg6 18.Nf3 a4 19.exd5 Nxd5 20.Nxd5 cxd5 21.Ne5 Nxe5 22.Bxe5 Bb6
23.Kh2 h5 24.Qd2 a3 25.b3 Qf5 26.Kg1 Rec8 27.Re2 Bxf2+ 28.Rxf2 Qxe5 29.Qf4 Qxf4
30.gxf4 g6 31.Rdd2 Rc1+ 32.Kh2 Rac8 33.Rfe2 Kg7 34.Kg3 Kf6 35.Re5 R8c2 36.Rxc2 Rxc2
37.Bxd5 Rxa2 38.Bxe6 fxe6 39.Ra5 Rd2 40.Rxa3 Rxd3+ 41.Kf2 b5 42.Ra8 Rxb3
43.Rf8+ Ke7 44.Rg8 Kf7 45.Rb8 b4  0-1

[Event "Bayern-ch"]
[Site "Bayern"]
[Date "1991.??.??"]
[Round "1"]
[White "Siepelt, Heiner"]
[Black "Roeder, Frank"]
[Result "0-1"]
[WhiteElo "2330"]
[BlackElo "2290"]

1.Nf3 d5 2.g3 c6 3.Bg2 Bf5 4.O-O Nd7 5.d3 e5 6.Nbd2 Ngf6 7.Qe1 h6 8.e4 dxe4
9.dxe4 Be6 10.b3 Qa5 11.Bb2 Ba3 12.Qc1 Bxb2 13.Qxb2 O-O 14.Rfe1 Nh7 15.Bf1 Ng5
16.Nxg5 hxg5 17.Nc4 Bxc4 18.Bxc4 Rad8 19.b4 Qc7 20.a4 Nf6 21.c3 c5 22.b5 Qd7
23.Kg2 Qd2 24.Qb3 Qd7 25.a5 b6 26.axb6 axb6 27.Ra6 Qb7 28.Qa2 Rd7 29.Qe2 Rfd8
30.Ra2 Rd6 31.h3 Qd7 32.Rea1 Rd2 33.Qf3 Rxa2 34.Rxa2 Qb7 35.Re2 Qd7 36.Qf5 Qxf5
37.exf5 e4 38.Ra2 Kf8 39.Ra7 Rd7 40.Ra6 Rd6 41.Kf1 Nd7 42.Ke2 Ne5 43.Ba2 g6
44.fxg6 Nxg6 45.Bb1 f5 46.Ra8+ Ke7 47.f3 exf3+ 48.Kxf3 Ne5+ 49.Ke2 f4 50.gxf4 gxf4
51.Be4 Rh6 52.Bf5 Rf6 53.Be4 f3+ 54.Kf2 Rf4 55.Bd5 c4 56.Rh8 Kd6 57.Bb7 Nd3+
58.Kf1 Rf6 59.Be4 Ke5 60.Re8+ Kf4 61.Bxd3 cxd3 62.Kf2 Rd6 63.Rf8+ Ke4 64.Re8+ Kf5
65.Rf8+ Ke5 66.Re8+ Kf6 67.Re1 d2 68.Rd1 Rd3 69.h4 Kf5 70.h5 Ke4 71.h6 Rd8
72.h7 Kd3  0-1

[Event "Bayern-chB"]
[Site "Bayern"]
[Date "1991.??.??"]
[Round "7"]
[White "Negele, Anton"]
[Black "Niedermaier, Hans"]
[Result "0-1"]
[WhiteElo "2265"]
[BlackElo "2305"]

1.g3 d5 2.Nf3 Nf6 3.c4 e6 4.b3 c5 5.Bb2 Be7 6.Bg2 Nc6 7.O-O O-O 8.e3 b6 9.Qe2 Bb7
10.d4 Rc8 11.Rd1 Qc7 12.cxd5 Nxd5 13.dxc5 Bxc5 14.Nbd2 Rfd8 15.Ne4 Ncb4 16.Nxc5 bxc5
17.Ne5 Nf6 18.Bxb7 Qxb7 19.Nc4 Qc6 20.Rxd8+ Rxd8 21.Rd1 Rxd1+ 22.Qxd1 Qd5
23.Qe2 Ne4 24.f3 Nf6 25.e4 Qd8 26.Bc3 h5 27.Ne5 Qb6 28.Kg2 Nc6 29.Nxc6 Qxc6
30.Qc4 Nd7 31.Bd4 Qd6 32.Be3 f6 33.a3 Ne5 34.Qc2 c4 35.f4 Ng4 36.Bxa7 Qxa3
37.Qxc4 Qa2+ 38.Kf1 Nxh2+  0-1

[Event "Beersheba-B"]
[Site "Beersheba"]
[Date "1991.??.??"]
[Round "?"]
[White "Berkovich, Mark A"]
[Black "Mikhalevski, Victor"]
[Result "0-1"]
[WhiteElo "2405"]
[BlackElo "2410"]

1.Nf3 d5 2.g3 Bg4 3.Bg2 c6 4.c4 e6 5.cxd5 exd5 6.O-O Nd7 7.Nc3 Ngf6 8.d3 Be7
9.e4 dxe4 10.dxe4 Nc5 11.Qxd8+ Rxd8 12.Be3 Bxf3 13.Bxf3 O-O 14.Rfd1 a6 15.a3 Nb3
16.Rab1 Bc5 17.Bg5 Bd4 18.Ne2 Be5 19.Bg2 h6 20.Be3 c5 21.h3 c4 22.f4 Rxd1+
23.Rxd1 Bxb2 24.e5 Nh7 25.Bxb7 c3 26.Be4 Rc8 27.Rb1 Nd2 28.Bxd2 cxd2 29.Rd1 Rc1
30.Nxc1 dxc1=Q 31.Rxc1 Bxc1 32.a4 a5 33.Kf2 g5 34.Kf3 gxf4 35.gxf4 Nf8 36.Bd5 Ne6
37.f5 Nc5  0-1

[Event "Beersheba-B"]
[Site "Beersheba"]
[Date "1991.??.??"]
[Round "?"]
[White "Vydeslaver, Alik"]
[Black "Gofshtein, Leonid D"]
[Result "0-1"]
[WhiteElo "2200"]
[BlackElo "2440"]

1.Nf3 d5 2.g3 c6 3.Bg2 Nf6 4.O-O Bf5 5.d4 e6 6.c4 Nbd7 7.Qb3 Qb6 8.c5 Qa6
9.Nc3 b6 10.cxb6 axb6 11.Nh4 Bg4 12.f3 Bh5 13.g4 Bg6 14.g5 Ng8 15.e4 Ne7
16.Bf4 b5 17.Bd6 Nb6 18.Rfe1 Nc4 19.Bxe7 Bxe7 20.exd5 cxd5 21.f4 O-O 22.Nxd5 exd5
23.Rxe7 Qd6 24.Nxg6 hxg6 25.Re2 Qxf4 26.Qxb5 Qxd4+ 27.Kh1 Rxa2 28.Rae1 Rxb2
29.Rxb2 Nxb2 30.Bxd5 Nd3 31.Re8 Qa1+ 32.Kg2 Nf4+ 33.Kg3 Nxd5 34.Rxf8+ Kxf8
35.Qxd5 Qg1+ 36.Kh3 Kg8 37.Qd8+ Kh7 38.Qe7 Qf2 39.Qd8 Qf3+ 40.Kh4 f6 41.Qa5 f5
42.Qb4 f4  0-1

[Event "Beersheba-B"]
[Site "Beersheba"]
[Date "1991.??.??"]
[Round "?"]
[White "Vydeslaver, Alik"]
[Black "Lederman, Leon"]
[Result "0-1"]
[WhiteElo "2200"]
[BlackElo "2335"]

1.Nf3 d5 2.g3 Nf6 3.Bg2 Bf5 4.O-O e6 5.Nh4 Bg4 6.d4 Be7 7.c4 c6 8.h3 Bh5
9.g4 Bg6 10.Nxg6 hxg6 11.Qb3 Qc7 12.f4 Nbd7 13.Nc3 Rd8 14.e3 g5 15.cxd5 exd5
16.Qd1 gxf4 17.exf4 Nf8 18.f5 Bd6 19.Bg5 Kd7 20.Rc1 N8h7 21.Bh4 Bf4 22.Qd3 Ng5
23.Bxg5 Bxg5 24.Rce1 Rde8 25.Qd1 Rxh3 26.Re5 Be3+  0-1

[Event "Belgrade op"]
[Site "Belgrade"]
[Date "1991.??.??"]
[Round "?"]
[White "Nikolic, Sava N"]
[Black "Bajovic, Milan"]
[Result "1-0"]
[WhiteElo "2370"]
[BlackElo "2345"]

1.Nf3 d5 2.g3 c5 3.Bg2 Nc6 4.O-O e5 5.d3 Nf6 6.Nbd2 Bd6 7.e4 d4 8.Nc4 Bc7
9.a4 h6 10.c3 dxc3 11.bxc3 Be6 12.Ne3 O-O 13.Ba3 Bd6 14.Nd2 Qc7 15.Nd5 Bxd5
16.exd5 Ne7 17.Qb3 Rab8 18.Nc4 Rfd8 19.d4 exd4 20.cxd4 b6 21.Nxd6 Rxd6 22.dxc5 bxc5
23.Qc4 Nexd5 24.Rfc1 Nb6 25.Qxc5 Qxc5 26.Bxc5 Rdd8 27.a5 Nc8 28.Rab1 Rxb1
29.Rxb1 Kh7 30.a6 Ne8 31.Bb7 Nc7 32.Be3 Ne6 33.Rc1 Nd6 34.Bxa7 Nb5 35.Be3 Nec7
36.Bb6 Rd7 37.Bxc7 Nxc7 38.Rxc7 Rxc7 39.a7 Rxb7 40.a8=Q Rb1+  1-0

[Event "Belgrade-C"]
[Site "Belgrade"]
[Date "1991.??.??"]
[Round "2"]
[White "Cabrilo, Goran"]
[Black "Jovicic, Milos"]
[Result "1/2-1/2"]
[WhiteElo "2490"]
[BlackElo "2335"]

1.Nf3 d5 2.g3 Bg4 3.Bg2 c6 4.O-O Nd7 5.d3 e6 6.Nbd2 Bd6 7.e4 Ne7 8.h3 Bh5
9.Qe1 O-O 10.Nh4 Re8 11.f4 Nf5 12.Ndf3 dxe4 13.dxe4 Nxh4 14.Nxh4 Be7 15.Be3 e5
16.f5 f6 17.Qc3 Qc7 18.Bf3 Bf7 19.Be2 Nb6 20.b3 Red8 21.Rad1 Rxd1 22.Rxd1 Rd8
23.Rxd8+ Qxd8 24.Nf3 Qd6 25.a4 Qb4 26.Qxb4  1/2-1/2

[Event "Belgrade-C"]
[Site "Belgrade"]
[Date "1991.??.??"]
[Round "2"]
[White "Todorcevic, Miodrag"]
[Black "Gluzman, Mikhail"]
[Result "1-0"]
[WhiteElo "2480"]
[BlackElo "2400"]

1.Nf3 d5 2.g3 c5 3.Bg2 Nc6 4.O-O Nf6 5.d3 g6 6.Nbd2 Bg7 7.e4 O-O 8.Re1 e6
9.c3 b6 10.a4 Ba6 11.exd5 Nxd5 12.Nc4 Qc7 13.Qb3 Rad8 14.Nfd2 Nde7 15.Qc2 Qd7
16.Bf1 Qd5 17.a5 Bb7 18.Ne4 f5 19.axb6 fxe4 20.dxe4 Qd7 21.bxa7 Qc7 22.Qb3 Ba8
23.Be3 Nxa7 24.Qb6 Qxb6 25.Nxb6 Nac6 26.Bxc5 Kf7 27.f4 g5 28.Bc4 gxf4 29.gxf4 Bh6
30.f5 Ne5 31.Bxe6+ Kf6 32.Kf1 Nf3 33.e5+ Nxe5 34.Bxe7+ Kxe7 35.Rxe5 Kf6 36.Rea5 Bc6
37.Rc5 Be8 38.Nd5+ Kg7 39.Ra7+ Kh8 40.Rcc7 Bg6 41.Kg2 Rxf5 42.Bxf5 Bxf5 43.Nf6 Rd2+
44.Kf3 Rd3+ 45.Ke2 Re3+ 46.Kf2  1-0